Význam psychologickej rediagnostiky v poradenstve pre žiakov ŠZŠ

Bibliographic Details
Main Author: Kvietok, Alexander (Author)
Format: Article
Language:Slovak
ISBN:80-969277-6-0
Subjects:

MARC

LEADER 00000naa a2200000 a 4500
001 vtls010254402
003 SK-MaSNL
005 20260426023609.0
008 11030216c2005 xo o e sl
035 |a SVKKK000082794 
038 |a SVKKK 
040 |a SVKKK  |b slo  |c SVKKK  |e AACR2 
041 0 |a slo  |b slo 
044 |a xo  |c SK 
080 |a 37.013.77  |2 1997 
080 |a 376  |2 1997 
100 1 |a Kvietok, Alexander  |4 aut  |9 834283 
245 1 0 |a Význam psychologickej rediagnostiky v poradenstve pre žiakov ŠZŠ  |c Alexander Kvietok 
504 |a Bibliogr. odkazy 
504 |a Res. slov. 
650 0 7 |a špeciálne základné školy  |2 snkbucl  |9 69127 
651 7 |a Slovensko  |2 snkbucl  |9 14231 
773 0 |t Tradície, premeny a perspektívy psychologického poradenstva a súčasná škola  |d Košice : Pedagogicko-psychologická poradňa pre stredné školy v Košiciach, 2005  |z 80-969277-6-0  |g S. 112-115 
852 |a SVKKK  |b BIB 
958 |a NB 
958 |a ZB 
999 |c 1346478  |d 1348408